Loading...
| Social Science | 0 | 9 | 0 | 0 | 90 | 40 | 74.67 | 4 | 6 | 0.00 | 0.00 |
| History - American | 0 | 10 | 2 | 1 | 90 | 53 | 78.30 | 3 | 8 | 0.00 | 0.00 |
| Literature - American | 0 | 9 | 0 | 0 | 90 | 19 | 62.44 | 7 | 9 | 0.00 | 0.00 |
| Philosophy | 0 | 9 | 1 | 0 | 85 | 17 | 66.00 | 7 | 7 | 0.00 | 0.00 |
| Literature - European | 0 | 8 | 0 | 0 | 80 | 48 | 71.63 | 5 | 8 | 0.00 | 0.00 |
| Fine Arts - Painting & Sculpture | 0 | 8 | 0 | 0 | 80 | 57 | 88.75 | 5 | 8 | 0.00 | 0.00 |
| History - European | 0 | 8 | 1 | 1 | 75 | 27 | 70.13 | 4 | 7 | 0.00 | 0.00 |
| Literature - British | 0 | 8 | 2 | 0 | 70 | 65 | 91.25 | 6 | 6 | 0.00 | 0.00 |
| Fine Arts - Classical Music | 0 | 6 | 0 | 0 | 60 | 64 | 101.17 | 1 | 6 | 0.00 | 0.00 |
| Fine Arts - Other | 0 | 6 | 1 | 0 | 55 | 53 | 77.00 | 5 | 6 | 0.00 | 0.00 |
| Literature - World | 0 | 5 | 1 | 0 | 45 | 62 | 77.40 | 4 | 5 | 0.00 | 0.00 |
| Other | 0 | 4 | 0 | 1 | 40 | 73 | 86.00 | 0 | 1 | 0.00 | 0.00 |
| Religion | 0 | 5 | 2 | 0 | 40 | 58 | 83.00 | 1 | 4 | 0.00 | 0.00 |
| Mythology | 0 | 4 | 0 | 0 | 40 | 91 | 102.50 | 0 | 2 | 0.00 | 0.00 |
| Science - Chemistry | 0 | 4 | 0 | 0 | 40 | 85 | 94.00 | 0 | 2 | 0.00 | 0.00 |
| History - World | 0 | 5 | 3 | 0 | 35 | 54 | 78.60 | 5 | 5 | 0.00 | 0.00 |
| Science - Other | 0 | 3 | 0 | 0 | 30 | 89 | 98.33 | 0 | 2 | 0.00 | 0.00 |
| Science - Biology | 0 | 2 | 0 | 0 | 20 | 120 | 121.00 | 0 | 1 | 0.00 | 0.00 |
| History - Other | 0 | 3 | 2 | 0 | 20 | 107 | 119.00 | 0 | 1 | 0.00 | 0.00 |
| Science - Physics | 0 | 2 | 2 | 0 | 10 | 58 | 59.00 | 1 | 2 | 0.00 | 0.00 |